000 00563nam a2200169 i 4500
001 bg
100 1 _aBORKOWSKI, Józef
245 0 _aPodstawy teoretyczne, narzędzia i technologia obróbki ścierniwem związanym.
_nCz. 2,
_pNarzędzia i ich eksploatacja /
_cJ. Borkowski.
260 _aKoszalin,
_c1987.
490 1 _aSkrypty / Wyższa Szkoła Inżynierska w Koszalinie
830 0 _aSkrypty (Wyższa Szkoła Inżynierska w Koszalinie)
040 _cBPK
041 _apol
080 _a621.92(075.8)
942 _cKS
008 s pl f |000 0 pol
999 _c158
_d158
856 _uhttp://koha.tu.koszalin.pl/cgi-bin/koha/opac-detail.pl?biblionumber=158
_yKatalog online BPK